LEADER 03032oam 2200577 a 450 001 9910784605603321 005 20231019224001.0 010 $a1-351-16114-8 010 $a1-281-10388-8 010 $a9786611103880 010 $a0-7546-8459-8 035 $a(CKB)1000000000398414 035 $a(EBL)429736 035 $a(OCoLC)476278045 035 $a(SSID)ssj0000129834 035 $a(PQKBManifestationID)11144905 035 $a(PQKBTitleCode)TC0000129834 035 $a(PQKBWorkID)10080208 035 $a(PQKB)10406744 035 $a(MiAaPQ)EBC429736 035 $a(Au-PeEL)EBL429736 035 $a(CaPaEBR)ebr10211328 035 $a(CaONFJC)MIL110388 035 $a(EXLCZ)991000000000398414 100 $a20060728d2007 uy 0 101 0 $aeng 135 $aur|n|---||||| 181 $ctxt$2rdacontent 182 $cc$2rdamedia 183 $acr$2rdacarrier 200 00$aContentious issues of security and the future of Turkey /$fedited by Nursin Atesoglu Guney 210 1$aAldershot, England ;$aBurlington, VT :$cAshgate,$d2007. 215 $a1 online resource (216 pages) 311 0 $a0-7546-4931-8 320 $aIncludes bibliographical references and index. 327 $aCover; Contents; List of Tables and Appendices; Notes on Contributors; Preface; List of Abbreviations; Introduction; 1 A Tale of Two Centuries: Continuities in Turkish Foreign and Security Policy; 2 Transatlantic Relations and Turkey; 3 Turkey's Potential (and Controversial) Contribution to the Global 'Actorness' of the EU; 4 A Retrospective Analysis of Turkey-United States Relations in the Wake of the US War in Iraq in March 2003; 5 The 'Iraq Factor' in Turkey, EU and US Triangle since 9/11; 6 The Limits of Change: Turkey, Iran, Syria 327 $a7 The New Power Calculations and 'Structured' Relations in the Fluctuating Security Environment of Eurasia; 8 Turkey and the Greater Black Sea Region; 9 Twenty First Century Energy Security Debates: Opportunities and Constraints for Turkey; 10 Mediterranean Fault Line - The Future of Greece and Turkey; 11 Cycles of Transformation of the Cyprus Question; 12 The New Security Environment and Turkey's ISAF Experience; Conclusion; Index 330 $aThis comprehensive study focuses on the future of Turkish foreign and security policies within the emerging strategies of the two Wests. It examines Turkish foreign policy in the context of trans-Atlantic relations - as a global actor, and with respect to conflict, new power relations, energy security, Greece, Cyprus and the environment. 606 $aNational security$zTurkey 607 $aTurkey$xForeign relations$y1980- 607 $aTurkey$xStrategic aspects 615 0$aNational security 676 $a327.561 701 $aGu?ney$b Nurs?in Ates?og?lu$01499088 801 0$bMiAaPQ 801 1$bMiAaPQ 801 2$bMiAaPQ 906 $aBOOK 912 $a9910784605603321 996 $aContentious issues of security and the future of Turkey$93724907 997 $aUNINA LEADER 03417nam 22007214a 450 001 9910954039603321 005 20251116174957.0 010 $a1-135-70127-X 010 $a1-135-70128-8 010 $a0-203-13579-2 010 $a0-203-16973-5 010 $a1-280-40139-7 024 7 $a10.4324/9780203135792 035 $a(CKB)1000000000248122 035 $a(EBL)165961 035 $a(OCoLC)559317055 035 $a(SSID)ssj0000111082 035 $a(PQKBManifestationID)11124865 035 $a(PQKBTitleCode)TC0000111082 035 $a(PQKBWorkID)10074776 035 $a(PQKB)10433860 035 $a(SSID)ssj0000289929 035 $a(PQKBManifestationID)12098433 035 $a(PQKBTitleCode)TC0000289929 035 $a(PQKBWorkID)10404084 035 $a(PQKB)11301991 035 $a(MiAaPQ)EBC165961 035 $a(Au-PeEL)EBL165961 035 $a(CaPaEBR)ebr5001409 035 $a(CaONFJC)MIL40139 035 $a(OCoLC)49569703 035 $a(EXLCZ)991000000000248122 100 $a19991018d2000 uy 0 101 0 $aeng 135 $aur|n|---||||| 181 $ctxt 182 $cc 183 $acr 200 10$aBeyond the boundaries of physical education $eeducating young people for citizenship and social responsibility /$fAnthony Laker 205 $a1st ed. 210 $aLondon ;$aNew York $cRoutledge/Falmer Press$d2000 215 $a1 online resource (142 p.) 300 $aDescription based upon print version of record. 311 08$a0-7507-0930-8 311 08$a0-7507-0931-6 320 $aIncludes bibliographical references (p. [116]-124) and index. 327 $aBook Cover; Title; Contents; List of Figures; Acknowledgements; Illustration Acknowledgements; Introduction; An Historical Perspective on the Purposes of Physical Education; Contemporary Physical Education: Aims, Objectives and Purposes; The Extent of the Affective Dimension in Physical Education; From Theory into Practice: What Really Happens in Schools; Responsibility, Personal, Social and Moral Education, and Citizenship: Is This Physical Education for the New Millennium?; The 'Once and Future' Subject: Some Current Issues in Physical Education; Conclusion; References; Index 330 $aThis book sets out to celebrate physical education and sport, and by doing so, encourage the educational establishment to embrace the subject area as a vehicle for the complete development of the individual. In addition, it shows that the benefits of physical activity far outweigh the shallow claims of populous magazines - there are benefits for the individual, the community and for society as a whole. Laker contends that the importance of physical education and sport in many areas of social life has been overlooked at best, and misused at worst. Physical activity has a vast contribution to 606 $aPhysical education and training$xSocial aspects 606 $aSports$xSocial aspects 606 $aCitizenship$xStudy and teaching 615 0$aPhysical education and training$xSocial aspects. 615 0$aSports$xSocial aspects. 615 0$aCitizenship$xStudy and teaching. 676 $a613.7071 700 $aLaker$b Anthony$f1951-$0967237 801 0$bMiAaPQ 801 1$bMiAaPQ 801 2$bMiAaPQ 906 $aBOOK 912 $a9910954039603321 996 $aBeyond the boundaries of physical education$94482902 997 $aUNINA